000 00439cam a2200181ua 4500
001 4096
008 111214n ii |||gr||||Z||||||asm
040 _cMAIN
082 _a782.25
100 _aThakuria, Rammal,
245 1 1 _aBhim charitta
_cby Rammal Thakuria
250 _a1st.
260 _aGuwahati:
_bJyotindra Narayan Duttabaruah,984.
300 _a44p:
_c23cm.
653 _aAssamese song
653 _aBhim charitta
942 _cBK
999 _c3918
_d3918